000 00580nam a2200193 i 4500
001 31391
003 ES-MaACL
005 20240427063109.0
007 t|
008 030129s1982 sp ||||1| spa d
100 1 _aBenedetti, Mario,
_d1920-2009
_927492
245 1 0 _aPrimavera con una esquina rota /
_cMario Benedetti.
260 _a[Madrid] :
_bAlfaguara,
_c[1982]
300 _a216 p. ;
_c20 cm.
490 1 _aLiteratura Alfaguara ;
_v101
830 0 _aLiteratura Alfaguara ;
_v101
_9178100
852 _aES-MaACL
_jL-4589
_bR.104084
999 _c31391
_d31391